[Event "BCF-chT2a 1920 (4NCL)"]
[Site "Daventry"]
[Date "2020.01.11"]
[Round "3.42"]
[White "Oyama, Akito"]
[Black "Truran, Michael C"]
[Result "1-0"]
[WhiteElo "2203"]
[BlackElo "2143"]
[PlyCount "57"]
[EventDate "2020.01.11"]
[EventType "team-tourn"]
[EventRounds "11"]
[EventCountry "ENG"]
[SourceTitle "CBM 194 Extra"]
[Source "ChessBase"]
[SourceDate "2020.03.31"]
[SourceVersion "1"]
[SourceVersionDate "2020.03.31"]
[SourceQuality "1"]
[WhiteTeam "North East England"]
[BlackTeam "Check Innmates"]
[WhiteTeamCountry "ENG"]
[BlackTeamCountry "ENG"]

1. e4 c5 2. Nc3 e6 3. f4 Nf6 4. Nf3 Nc6 5. e5 Nd5 6. g3 Be7 7. Bg2 0-0 8. 0-0 Nxc3 9. dxc3 f6 10. exf6 Bxf6 11. Be3 Be7 12. Qd3 d5 13. Rae1 Qd6 14. Bf2 Bd7 15. Re2 c4 16. Qd2 Bf6 17. Rfe1 Rfe8 18. Bh3 b5 19. Bd4 Kf7 20. g4 Bxd4+ 21. cxd4 Kg8 22. Ne5 Nxe5 23. Rxe5 Qf8 24. g5 Qd6 25. Qe2 Kf7 26. Qh5+ Kg8 27. f5 g6 28. fxg6 Re7 29. Bxe6+ 1-0

[Event "BCF-chT3Sb 1718 (4NCL)"]
[Site "England"]
[Date "2017.11.12"]
[Round "2.62"]
[White "Burrows, Nick"]
[Black "Truran, Michael C"]
[Result "1/2-1/2"]
[WhiteElo "1920"]
[BlackElo "2190"]
[PlyCount "44"]
[EventDate "2017.11.11"]
[EventType "team-tourn"]
[EventRounds "11"]
[EventCountry "ENG"]
[SourceTitle "EXT 2020"]
[Source "ChessBase"]
[SourceDate "2019.10.17"]
[SourceVersion "1"]
[SourceVersionDate "2019.10.17"]
[SourceQuality "1"]
[WhiteTeam "Oxford II"]
[BlackTeam "Brown Jack"]
[WhiteTeamCountry "ENG"]
[BlackTeamCountry "ENG"]

1. d4 Nf6 2. c4 c5 3. d5 e5 4. Nc3 d6 5. e4 Be7 6. g3 0-0 7. Bg2 Ne8 8. Nge2 Nd7 9. 0-0 g6 10. Bh6 Ng7 11. Qd2 Nf6 12. h3 Kh8 13. Rae1 Ng8 14. Be3 f5 15. f4 Bf6 16. fxe5 Bxe5 17. Bf4 Re8 18. exf5 gxf5 19. b4 b6 20. bxc5 bxc5 21. Nb5 a6 22. Nbc3 Bd7 1/2-1/2

[Event "Gibraltar Challenger op-B"]
[Site "Caleta"]
[Date "2017.01.29"]
[Round "2"]
[White "Truran, Michael C"]
[Black "Suez Panama, Gilles"]
[Result "1-0"]
[WhiteElo "2183"]
[BlackElo "2010"]
[PlyCount "67"]
[EventDate "2017.01.28"]
[EventType "swiss"]
[EventRounds "5"]
[EventCountry "GGB"]
[SourceTitle "EXT 2018"]
[Source "ChessBase"]
[SourceDate "2017.10.13"]
[SourceVersion "1"]
[SourceVersionDate "2017.10.13"]
[SourceQuality "1"]

1. d4 Nf6 2. c4 g6 3. Nc3 Bg7 4. Nf3 0-0 5. Bf4 d6 6. e3 Nbd7 7. Be2 c5 8. d5 Qb6 9. Qc2 Re8 10. 0-0 Nh5 11. Bg5 h6 12. Bh4 Nf8 13. Nd2 Nf6 14. Bg3 N8h7 15. h3 e5 16. dxe6 Bxe6 17. e4 Nd7 18. f4 f5 19. Bf3 Nhf6 20. e5 dxe5 21. fxe5 Nh7 22. Nd5 Qd8 23. Rae1 Ng5 24. Re2 Nxf3+ 25. Nxf3 Nb6 26. Rd1 Qc8 27. b3 Nd7 28. Qb2 Kh8 29. Be1 b5 30. Nf6 Nxe5 31. Qxe5 Qc6 32. Rd6 Bd7 33. Nh4 Rxe5 34. Nxg6# 1-0

[Event "BCF-chT3 1415 (4NCL)"]
[Site "England"]
[Date "2015.03.22"]
[Round "8.29"]
[White "Somerset, William P"]
[Black "Truran, Michael C"]
[Result "0-1"]
[WhiteElo "1915"]
[BlackElo "2191"]
[PlyCount "76"]
[EventDate "2015.03.21"]
[EventType "team-swiss"]
[EventRounds "11"]
[EventCountry "ENG"]
[SourceTitle "EXT 2016"]
[Source "ChessBase"]
[SourceDate "2015.10.08"]
[SourceVersion "1"]
[SourceVersionDate "2015.10.08"]
[SourceQuality "1"]
[WhiteTeam "Bradford DCA Knights II"]
[BlackTeam "Witney"]
[WhiteTeamCountry "ENG"]
[BlackTeamCountry "ENG"]

1. d4 Nf6 2. c4 c5 3. d5 e5 4. Nc3 d6 5. e4 Be7 6. Nf3 0-0 7. g3 Nbd7 8. Bg2 Ne8 9. 0-0 g6 10. Ne1 Ng7 11. Nd3 f5 12. f3 Nf6 13. Nf2 fxe4 14. fxe4 Nfh5 15. Nh3 Rxf1+ 16. Qxf1 Bd7 17. Qe2 a6 18. Be3 Qa5 19. Rf1 b5 20. g4 Nf6 21. Bg5 Rf8 22. Bxf6 Rxf6 23. Rxf6 Bxf6 24. a3 b4 25. Nb1 bxa3 26. Nxa3 Qb4 27. Bf1 Qb3 28. Nb1 h5 29. g5 Bd8 30. Nc3 Ba5 31. Qd2 Bb4 32. Nf2 a5 33. Nfd1 a4 34. Qd3 Bg4 35. Ne3 a3 36. bxa3 Bxc3 37. h3 Bd7 38. Nd1 Bd4+ 0-1

[Event "BCF-chT3 1314 (4NCL)"]
[Site "England"]
[Date "2014.05.04"]
[Round "10.189"]
[White "Karia, Rishul"]
[Black "Truran, Michael C"]
[Result "0-1"]
[WhiteElo "1644"]
[BlackElo "2188"]
[PlyCount "48"]
[EventDate "2013.11.16"]
[EventType "team-swiss"]
[EventRounds "11"]
[EventCountry "ENG"]
[SourceTitle "EXT 2015"]
[Source "ChessBase"]
[SourceDate "2014.11.20"]
[SourceVersion "1"]
[SourceVersionDate "2014.11.20"]
[SourceQuality "1"]
[WhiteTeam "Barnet Knights II"]
[BlackTeam "Witney"]
[WhiteTeamCountry "ENG"]
[BlackTeamCountry "ENG"]

1. e4 c5 2. Nc3 Nc6 3. f4 g6 4. Bc4 Bg7 5. Nf3 e6 6. 0-0 Nge7 7. e5 d5 8. exd6 Qxd6 9. Ne4 Qc7 10. c3 0-0 11. Nxc5 Na5 12. Nxe6 Bxe6 13. Bxe6 Qb6+ 14. d4 Qxe6 15. Ng5 Qd5 16. Re1 Nf5 17. Ne4 Rad8 18. Qf3 Nh4 19. Qh3 Rde8 20. Qxh4 Rxe4 21. Rf1 f5 22. b3 Re2 23. Rf2 Re1+ 24. Rf1 Bxd4+ 0-1

[Event "BCF-chT2d 1112 (4NCL)"]
[Site "England"]
[Date "2012.05.07"]
[Round "9.24"]
[White "Truran, Michael C"]
[Black "Williamson, Kevin J"]
[Result "1-0"]
[WhiteElo "2195"]
[BlackElo "2083"]
[PlyCount "67"]
[EventDate "2011.11.12"]
[EventType "team-swiss"]
[EventRounds "11"]
[EventCountry "ENG"]
[SourceTitle "EXT 2013"]
[Source "ChessBase"]
[SourceDate "2012.11.22"]
[SourceVersion "1"]
[SourceVersionDate "2012.11.22"]
[SourceQuality "1"]
[WhiteTeam "Brown Jack"]
[BlackTeam "FCA Solutions"]
[WhiteTeamCountry "ENG"]
[BlackTeamCountry "ENG"]

1. d4 d5 2. c4 Nc6 3. Nf3 Bg4 4. cxd5 Bxf3 5. dxc6 Bxc6 6. Nc3 e6 7. e4 Bb4 8. f3 Qh4+ 9. g3 Qh5 10. Bg2 0-0-0 11. Be3 f5 12. Qb3 Bxc3+ 13. bxc3 Re8 14. 0-0 Nf6 15. e5 Nd5 16. Bf2 f4 17. c4 fxg3 18. hxg3 Ne7 19. Rad1 Rhf8 20. d5 exd5 21. cxd5 Bxd5 22. Rxd5 Nxd5 23. Qxd5 Qxe5 24. Qb3 b6 25. f4 Qh5 26. Qa4 a5 27. Qc6 Rf6 28. Qb7+ Kd8 29. Rc1 c5 30. Bf3 Qg6 31. Rd1+ Rd6 32. Qxb6+ Kd7 33. Qc6+ Ke7 34. Qc7+ 1-0

[Event "BCF-chT3 1011 (4NCL)"]
[Site "England"]
[Date "2011.02.20"]
[Round "6.31"]
[White "Truran, Michael C"]
[Black "Cole, Tristram C"]
[Result "1-0"]
[WhiteElo "2195"]
[BlackElo "1882"]
[PlyCount "69"]
[EventDate "2010.11.06"]
[EventType "team-swiss"]
[EventRounds "9"]
[EventCountry "ENG"]
[SourceTitle "EXT 2012"]
[Source "ChessBase"]
[SourceDate "2011.11.24"]
[SourceVersion "1"]
[SourceVersionDate "2011.11.24"]
[SourceQuality "1"]
[WhiteTeam "Brown Jack"]
[BlackTeam "Braille Chess Association"]
[WhiteTeamCountry "ENG"]
[BlackTeamCountry "ENG"]

1. d4 d5 2. c4 e6 3. Nf3 Nf6 4. g3 Be7 5. Bg2 0-0 6. 0-0 Nbd7 7. Qc2 Ne4 8. b3 c6 9. Ba3 Bxa3 10. Nxa3 f5 11. Qb2 Ndf6 12. Ne5 Bd7 13. Nc2 Rc8 14. Ne1 b6 15. N1d3 Qe7 16. Rac1 Rfd8 17. Rc2 dxc4 18. Nxc4 c5 19. Qa3 Bb5 20. f3 Bxc4 21. bxc4 Ng5 22. dxc5 Nd7 23. Qxa7 Ra8 24. Qc7 bxc5 25. Qf4 Ra4 26. Qe3 Rda8 27. f4 Ne4 28. Bxe4 fxe4 29. Qxe4 Rxa2 30. Rxa2 Rxa2 31. Rb1 Qf6 32. Rb7 Qa1+ 33. Kf2 Nf8 34. Rb8 Qc3 35. Qxe6+ 1-0

[Event "BCF-chT3 1011 (4NCL)"]
[Site "England"]
[Date "2011.01.15"]
[Round "3.31"]
[White "Truran, Michael C"]
[Black "Payne, Matthew"]
[Result "1-0"]
[WhiteElo "2195"]
[BlackElo "1874"]
[PlyCount "73"]
[EventDate "2010.11.06"]
[EventType "team-swiss"]
[EventRounds "9"]
[EventCountry "ENG"]
[SourceTitle "EXT 2012"]
[Source "ChessBase"]
[SourceDate "2011.11.24"]
[SourceVersion "1"]
[SourceVersionDate "2011.11.24"]
[SourceQuality "1"]
[WhiteTeam "Brown Jack"]
[BlackTeam "Sussex Smart Controls"]
[WhiteTeamCountry "ENG"]
[BlackTeamCountry "ENG"]

1. d4 Nf6 2. c4 g6 3. Nc3 Bg7 4. Nf3 0-0 5. Bf4 c5 6. d5 Nh5 7. Be5 Bxe5 8. Nxe5 d6 9. Nf3 e5 10. dxe6 Bxe6 11. e3 Nc6 12. Be2 Qe7 13. 0-0 Ng7 14. Nd5 Bxd5 15. Qxd5 Ne6 16. Bd1 Nb4 17. Qd2 Qd7 18. a3 Nc6 19. Ba4 Qc7 20. Rfd1 Rfd8 21. Qc3 Qa5 22. Qc2 a6 23. Rd2 b5 24. Bb3 bxc4 25. Bxc4 Nb4 26. Qd1 Nc6 27. Bxe6 fxe6 28. Rxd6 Qc7 29. Rxd8+ Rxd8 30. Qc2 Qd6 31. h3 Na5 32. b4 Nb7 33. Qc4 Rc8 34. Rc1 Rc6 35. Nd4 Rc8 36. Nxe6 Kh8 37. Qc3+ 1-0

[Event "BCF-chT2a 0910 (4NCL)"]
[Site "England"]
[Date "2010.02.20"]
[Round "5.1"]
[White "Truran, Michael C"]
[Black "McMichael, Richard"]
[Result "1/2-1/2"]
[WhiteElo "2215"]
[BlackElo "2286"]
[PlyCount "80"]
[EventDate "2009.10.24"]
[EventType "team-tourn"]
[EventRounds "7"]
[EventCountry "ENG"]
[SourceTitle "EXT 2010"]
[Source "ChessBase"]
[SourceDate "2010.11.25"]
[SourceVersion "1"]
[SourceVersionDate "2010.11.25"]
[SourceQuality "1"]
[WhiteTeam "Brown Jack"]
[BlackTeam "Kings Head"]
[WhiteTeamCountry "ENG"]
[BlackTeamCountry "ENG"]

1. d4 e6 2. c4 f5 3. g3 Nf6 4. Bg2 c6 5. Nf3 d5 6. 0-0 Bd6 7. b3 Qe7 8. Bf4 Bxf4 9. gxf4 0-0 10. Ne5 Nbd7 11. Nd2 Ng4 12. cxd5 exd5 13. Ndf3 Rf6 14. b4 Qxb4 15. Nxd7 Bxd7 16. Rb1 Qd6 17. Rxb7 Bc8 18. Rb3 Qxf4 19. h3 Nh6 20. Ne5 Nf7 21. Qc1 Qxc1 22. Rxc1 Nxe5 23. dxe5 Rg6 24. Ra3 Kf8 25. f4 Re6 26. Rc5 Ke8 27. e3 a6 28. Rb3 Kd8 29. a4 Ra7 30. Rb6 Kc7 31. a5 Rb7 32. Rxb7+ Kxb7 33. Kf2 Bd7 34. Rc2 Re8 35. Bf1 Ka7 36. Bd3 g6 37. Ke2 Rb8 38. Kd2 Rb4 39. Rc5 d4 40. exd4 Rxd4 1/2-1/2

[Event "BCF-chT4 0203 (4NCL)"]
[Site "Telford"]
[Date "2003.03.08"]
[Round "5.2"]
[White "Truran, Michael C"]
[Black "Kelly, Paul J"]
[Result "1-0"]
[WhiteElo "2205"]
[BlackElo "1904"]
[PlyCount "95"]
[EventDate "2002.11.??"]
[EventType "team"]
[EventRounds "7"]
[EventCountry "ENG"]
[SourceTitle "EXT 2004"]
[Source "ChessBase"]
[SourceDate "2003.11.25"]
[SourceVersion "1"]
[SourceVersionDate "2003.11.25"]
[SourceQuality "1"]
[WhiteTeam "Hilsmark Kingfisher"]
[BlackTeam "Sussex Mindsports"]
[WhiteTeamCountry "ENG"]
[BlackTeamCountry "ENG"]

1. d4 d6 2. e4 g6 3. c4 Bg7 4. Nc3 Nc6 5. Be3 e5 6. d5 Nce7 7. g4 Nf6 8. f3 h5 9. g5 Nh7 10. h4 0-0 11. Qd2 f6 12. 0-0-0 fxg5 13. hxg5 Rf7 14. c5 b6 15. cxd6 cxd6 16. Kb1 Nf8 17. Rc1 Rb8 18. Rh2 a6 19. Bh3 Bxh3 20. Rxh3 b5 21. b3 Nd7 22. Rh2 Qa5 23. Nd1 Qd8 24. Qb4 Nb6 25. Qa3 Bf8 26. Qxa6 Nec8 27. Qxb5 Rfb7 28. Rhc2 Be7 29. Nb2 Na7 30. Qd3 Bxg5 31. Nh3 Bxe3 32. Qxe3 Nb5 33. Rg2 Na3+ 34. Ka1 Rg7 35. Ng5 Qe8 36. Ne6 Rh7 37. Qg5 Rc8 38. Rxc8 Nxc8 39. Qf6 Ne7 40. Ng5 Qc8 41. Nc4 Nxc4 42. Rc2 Rg7 43. Rxc4 Qb8 44. Qe6+ Kf8 45. Qd7 Kg8 46. Rb4 Qa8 47. Qxd6 Nc8 48. Qd8# 1-0

[Event "BCF-chT 9697 (4NCL)"]
[Site "England"]
[Date "1997.??.??"]
[Round "11.4"]
[White "Truran, Michael C"]
[Black "Webster, Andrew"]
[Result "0-1"]
[WhiteElo "2255"]
[BlackElo "2415"]
[PlyCount "86"]
[EventDate "1996.10.??"]
[EventType "team"]
[EventRounds "12"]
[EventCountry "ENG"]
[SourceTitle "EXT 1999"]
[Source "ChessBase"]
[SourceDate "1998.11.16"]
[SourceVersion "1"]
[SourceVersionDate "1998.11.16"]
[SourceQuality "1"]
[WhiteTeam "Witney"]
[BlackTeam "Midland Monarchs"]
[WhiteTeamCountry "ENG"]
[BlackTeamCountry "ENG"]

1. d4 d6 2. e4 c6 3. c4 e5 4. d5 Be7 5. Nf3 Nf6 6. Nc3 a6 7. h3 b5 8. cxb5 cxb5 9. Bd3 Nbd7 10. Be3 0-0 11. 0-0 Bb7 12. Nd2 Ne8 13. b4 Bg5 14. Bxg5 Qxg5 15. Nb3 g6 16. Qg4 Qe7 17. Na5 Rb8 18. Rac1 Ng7 19. Nc6 Bxc6 20. dxc6 Nf6 21. Nd5 Nxd5 22. exd5 f5 23. Qd1 Nh5 24. Rc3 Nf4 25. Bc2 h5 26. Bb3 h4 27. Kh1 Rfc8 28. Qd2 Qg5 29. Rg1 Nxh3 30. Qxg5 Nxg5 31. Bc2 Kf7 32. Ra1 e4 33. a4 Rc7 34. axb5 Rxb5 35. Rc4 Rxd5 36. Rxa6 h3 37. Ba4 Rd2 38. Bb3 d5 39. Rc1 Rxf2 40. gxh3 Ke6 41. b5 e3 42. Ra2 e2 43. b6 Nf3 0-1

[Event "BCF-chT 9697 (4NCL)"]
[Site "England"]
[Date "1996.10.20"]
[Round "2.2"]
[White "Truran, Michael C"]
[Black "Ledger, Andrew"]
[Result "0-1"]
[WhiteElo "2255"]
[BlackElo "2415"]
[PlyCount "107"]
[EventDate "1996.10.??"]
[EventType "team"]
[EventRounds "12"]
[EventCountry "ENG"]
[SourceTitle "EXT 1999"]
[Source "ChessBase"]
[SourceDate "1998.11.16"]
[SourceVersion "1"]
[SourceVersionDate "1998.11.16"]
[SourceQuality "1"]
[WhiteTeam "Witney"]
[BlackTeam "Northumbria"]
[WhiteTeamCountry "ENG"]
[BlackTeamCountry "ENG"]

1. d4 Nf6 2. c4 g6 3. f3 d5 4. cxd5 Nxd5 5. e4 Nb6 6. Nc3 Bg7 7. Be3 0-0 8. f4 f5 9. Qb3+ e6 10. e5 a5 11. Nf3 a4 12. Qc2 Nc6 13. Rc1 Nb4 14. Qd2 Bd7 15. Be2 Bc6 16. 0-0 N4d5 17. a3 Bh6 18. g3 Qe7 19. Bf2 Kh8 20. h4 Rg8 21. Nxd5 Nxd5 22. Rc5 Qd7 23. Rfc1 Rgb8 24. R5c2 Bf8 25. Be3 Be7 26. Kf2 Bb5 27. h5 Rg8 28. hxg6 Rxg6 29. Rh1 Rag8 30. Rh3 b6 31. Rc1 c5 32. Rch1 R8g7 33. Rc1 Bxe2 34. Qxe2 cxd4 35. Bd2 d3 36. Qxd3 Bc5+ 37. Nd4 Nxf4 38. Bxf4 Bxd4+ 39. Kg2 Bxb2 40. Qxd7 Rxd7 41. Rc8+ Kg7 42. Rb8 Bxa3 43. Rxb6 Ra7 44. Rh1 Be7 45. Kf3 a3 46. Rc1 Kf7 47. Rbb1 Rg8 48. Be3 Rd7 49. Rh1 Rh8 50. Rb6 Ra8 51. Rxh7+ Kg8 52. Rh1 a2 53. Ra1 Rd3 54. Rc6 0-1

[Event "BCF-chT 9697 (4NCL)"]
[Site "England"]
[Date "1996.10.19"]
[Round "1.2"]
[White "Pritchett, Craig William"]
[Black "Truran, Michael C"]
[Result "1-0"]
[WhiteElo "2325"]
[BlackElo "2255"]
[PlyCount "105"]
[EventDate "1996.10.??"]
[EventType "team"]
[EventRounds "12"]
[EventCountry "ENG"]
[SourceTitle "EXT 1999"]
[Source "ChessBase"]
[SourceDate "1998.11.16"]
[SourceVersion "1"]
[SourceVersionDate "1998.11.16"]
[SourceQuality "1"]
[WhiteTeam "Barbican"]
[BlackTeam "Witney"]
[WhiteTeamCountry "ENG"]
[BlackTeamCountry "ENG"]

1. Nf3 d6 2. d4 f5 3. b3 Nf6 4. Bb2 g6 5. Nbd2 Bg7 6. c4 0-0 7. Qc2 c6 8. g3 Qe8 9. Bg2 Ng4 10. h3 Nh6 11. d5 Bxb2 12. Qxb2 e5 13. dxe6 Bxe6 14. 0-0 Nd7 15. Qd4 Qe7 16. Rad1 Nf7 17. e4 Qf6 18. Qxf6 Nxf6 19. Nd4 Rfe8 20. Nxe6 Rxe6 21. exf5 gxf5 22. Nf3 Re2 23. Nd4 Rxa2 24. Nxf5 Rb2 25. Nxd6 Rxb3 26. Nxf7 Kxf7 27. Rb1 Rb6 28. c5 Rxb1 29. Rxb1 Rb8 30. Bxc6 b6 31. Bf3 Nd7 32. Ra1 Nxc5 33. Rxa7+ Kg6 34. Rc7 Re8 35. Kg2 Re6 36. h4 h6 37. Bd5 Rd6 38. Bc4 Kf6 39. f4 Kg6 40. g4 h5 41. Bf7+ Kf6 42. Bxh5 Nd7 43. Kf3 Ke7 44. g5 Kd8 45. Rc3 b5 46. Rb3 Rb6 47. Bg4 Nc5 48. Rb4 Na6 49. Rd4+ Ke8 50. h5 b4 51. h6 Kf7 52. Rd7+ Kg8 53. Bf5 1-0

[Event "4NCL 9495 2nd Season"]
[Site "England"]
[Date "1995.03.18"]
[Round "9.7"]
[White "Truran, Michael C"]
[Black "Williams, Leighton"]
[Result "1-0"]
[WhiteElo "2220"]
[BlackElo "2150"]
[PlyCount "49"]
[EventDate "1994.10.01"]
[EventType "team-tourn"]
[EventRounds "11"]
[EventCountry "GBR"]
[SourceTitle "EXT 2022"]
[Source "ChessBase"]
[SourceDate "2021.10.06"]
[SourceVersion "1"]
[SourceVersionDate "2021.10.06"]
[SourceQuality "1"]
[WhiteTeam "Witney"]
[BlackTeam "South Wales Dragons"]
[WhiteTeamCountry "ENG"]
[BlackTeamCountry "WLS"]

1. d4 Nf6 2. c4 g6 3. Nc3 Bg7 4. Nf3 0-0 5. Bf4 c5 6. d5 Qa5 7. Nd2 e5 8. Bxe5 Re8 9. Bd6 Qb6 10. Nb5 Na6 11. e3 Qa5 12. Bd3 Nb4 13. Be2 Ne4 14. Bc7 b6 15. 0-0 Ba6 16. Nxe4 Bxb5 17. Nd6 Ba4 18. b3 Rf8 19. bxa4 Bxa1 20. Qxa1 Na6 21. Nb5 Nxc7 22. Nxc7 Rac8 23. d6 Qd2 24. Nd5 f6 25. Bf3 1-0

[Event "4NCL 9495 2nd Season"]
[Site "England"]
[Date "1994.11.27"]
[Round "4.7"]
[White "Rudd, Jack"]
[Black "Truran, Michael C"]
[Result "1/2-1/2"]
[WhiteElo "2250"]
[BlackElo "2220"]
[PlyCount "114"]
[EventDate "1994.10.01"]
[EventType "team-tourn"]
[EventRounds "11"]
[EventCountry "GBR"]
[SourceTitle "EXT 2022"]
[Source "ChessBase"]
[SourceDate "2021.10.06"]
[SourceVersion "1"]
[SourceVersionDate "2021.10.06"]
[SourceQuality "1"]
[WhiteTeam "Bristol"]
[BlackTeam "Witney"]
[WhiteTeamCountry "ENG"]
[BlackTeamCountry "ENG"]

1. d4 f5 2. e4 fxe4 3. Nc3 Nf6 4. f3 e3 5. Bxe3 e6 6. Bd3 b6 7. Qd2 Bb7 8. 0-0-0 Nc6 9. a3 Qe7 10. Nge2 0-0-0 11. Rhe1 Qf7 12. Ng3 Kb8 13. Bf4 Nd5 14. Nxd5 exd5 15. Bg5 Re8 16. Rxe8+ Qxe8 17. Re1 Qf7 18. Qf4 Qxf4+ 19. Bxf4 Be7 20. c3 g6 21. Nf1 Bf6 22. Ne3 Re8 23. Kd2 Nd8 24. Ng4 Rxe1 25. Kxe1 Be7 26. Be5 Ne6 27. g3 d6 28. Bf6 Bxf6 29. Nxf6 Nf8 30. h4 Kc8 31. h5 Kd8 32. g4 Ke7 33. g5 c6 34. f4 Bc8 35. Nxh7 Nxh7 36. hxg6 Nxg5 37. fxg5 Kf8 38. Kd2 Kg7 39. Ke3 c5 40. Kf4 Bd7 41. b4 cxb4 42. cxb4 a5 43. Bf5 axb4 44. axb4 Bb5 45. Be6 Kxg6 46. Bxd5 Bd7 47. Bc4 Bc6 48. Be6 Bb5 49. Bf5+ Kf7 50. Ke4 Bc6+ 51. d5 Bb5 52. Kd4 Kg7 53. Bd3 Bd7 54. Ba6 Kg6 55. Kc4 Kxg5 56. Bb7 b5+ 57. Kd4 Bh3 1/2-1/2